Identifikácia vzdelávacích objektov z domény vývoja softvéru podporovaná navigáciou v obsahu otvorených komunitných Q&A systémov

Enregistré dans:
Détails bibliographiques
Auteur principal: Bučák, Samuel (Auteur)
Autres auteurs: Lang, Ján (Directeur de thèse)
Format: Manuscrit Livre
Langue:slovaque
Publié: 2024
Sujets:
Accès en ligne:http://is.stuba.sk/zp/portal_zp.pl?podrobnosti=178819
Tags: Ajouter un tag
Pas de tags, Soyez le premier à ajouter un tag!

MARC

LEADER 00000ntm a22000003a 4500
001 stuzp100107
003 SK-STU
005 20240608213335.8
007 ta
008 150427s2015----xo-----f-mn---000-0-slo-d
040 |a STU  |b slo 
041 0 |a slo 
100 1 |a Bučák, Samuel  |u 070200  |4 aut  |U FIIT Fakulta informatiky a informačných technológií  |T FIIT Ústav informatiky, informačných systémov a softvérového inžinierstva  |X 102880  |U I200  |Y 179  |7 102880 
242 0 1 |a Identification of software development learning objects supported by navigation in the content of open community Q&A systems  |y eng 
245 1 0 |a Identifikácia vzdelávacích objektov z domény vývoja softvéru podporovaná navigáciou v obsahu otvorených komunitných Q&A systémov 
260 |c 2024 
650 4 |a metadáta vzdelávacích objektov  |2 slo 
650 4 |a IEEE LOM  |2 slo 
650 4 |a vizualizácia znalostí  |2 slo 
650 4 |a Q&A  |2 slo 
650 4 |a vzdelávacie objekty  |2 slo 
650 4 |a learning object metadata  |2 eng 
650 4 |a IEEE LOM  |2 eng 
650 4 |a Q&A  |2 eng 
650 4 |a knowledge visualization  |2 eng 
650 4 |a educational objects  |2 eng 
700 1 |a Lang, Ján  |u 070200  |k Z1  |4 ths  |U FIIT Fakulta informatiky a informačných technológií  |T FIIT Ústav informatiky, informačných systémov a softvérového inžinierstva  |X 60247  |U I200  |Y 179  |7 60247 
856 4 |u http://is.stuba.sk/zp/portal_zp.pl?podrobnosti=178819